The relationship between development plans , development control and appeals (Record no. 776)
[ view plain ]
| 000 -LEADER | |
|---|---|
| fixed length control field | 01066cab a2200241 4500 |
| 001 - CONTROL NUMBER | |
| control field | ABS36993 |
| 008 - FIXED-LENGTH DATA ELEMENTS--GENERAL INFORMATION | |
| fixed length control field | 090401t1986 xxu||||| |||| 00| 0 eng d |
| 035 ## - SYSTEM CONTROL NUMBER | |
| System control number | (Sirsi) u1405 |
| 041 ## - LANGUAGE CODE | |
| Language code of text/sound track or separate title | eng |
| 100 ## - MAIN ENTRY--PERSONAL NAME | |
| Personal name | Davies, H.W. |
| 245 #4 - TITLE STATEMENT | |
| Title | The relationship between development plans , development control and appeals |
| 260 ## - PUBLICATION, DISTRIBUTION, ETC. | |
| Date of publication, distribution, etc. | 1986 |
| 350 ## - PRICE (NR) (BK AM CF MU VM SE) [OBSOLETE] | |
| Price | 0 |
| 490 ## - SERIES STATEMENT | |
| Series statement | Planner |
| Volume/sequential designation | 72 (10) October 1986, 11-15 (5) |
| 520 ## - SUMMARY, ETC. | |
| Summary, etc. | This paper analyses the findings of research carried out by the University of Reading into whether statutory development plans can provide an adequate framework for development control and whether development control has regard to development plans. The research was also extended to include the relationship between development plans and appeals under Town and Country Planning Act 1971 s36 against a refusal of planning permission . References. Tables. |
| 650 ## - SUBJECT ADDED ENTRY--TOPICAL TERM | |
| Topical term or geographic name entry element | PLANNING APPEALS |
| 650 ## - SUBJECT ADDED ENTRY--TOPICAL TERM | |
| Topical term or geographic name entry element | PLANNING |
| 690 ## - LOCAL SUBJECT ADDED ENTRY--TOPICAL TERM (OCLC, RLIN) | |
| Topical term or geographic name as entry element | PLANNING LAW AND PRACTICE |
| 700 ## - ADDED ENTRY--PERSONAL NAME | |
| Personal name | Edwards, D. |
| 700 ## - ADDED ENTRY--PERSONAL NAME | |
| Personal name | Rowley, A.R. |
| 942 ## - ADDED ENTRY ELEMENTS (KOHA) | |
| Suppress in OPAC | 0 |
| 948 ## - LOCAL PROCESSING INFORMATION (OCLC); SERIES PART DESIGNATOR (RLIN) | |
| c (OCLC) | 04/03/1997 |
| Withdrawn status | Lost status | Source of classification or shelving scheme | Damaged status | Not for loan | Home library | Current library | Shelving location | Date acquired | Total Checkouts | Full call number | Barcode | Date last seen | Copy number | Price effective from | Koha item type |
|---|---|---|---|---|---|---|---|---|---|---|---|---|---|---|---|
| Dewey Decimal Classification | London | London | Journal article | 14/09/1999 | ABS36993 | 1405-1001 | 06/08/2019 | 1 | 06/08/2019 | Journal article |